000 00827nam a2200229Ii 4500
003 JO-AjNU
008 230605s9999||||xx |||||||||||||| ||und||
017 _a38724
020 _a978-9957-16-125-5
040 _aJO-AjNU
_bara
_erda
_cJO-AjNU
041 _aara
050 1 4 _aKI420.5.S2498.2015
100 3 _a زين الدين، صلاح ,
_eauthor
_950731
245 0 0 _aالمدخل إلى الملكية الفكرية نشأتها ومفهومها ونطاقها وأهميتها وتكيفها وتنظيميها وحمايتها
250 _aط4
264 3 1 _aعمان : دار الثقافة ، 2015
300 _a292ص
336 _atext
_btxt
_2rdacontent
337 _aunmediated
_bn
_2rdamedia
338 _avolume
_bnc
_2rdacarrier
650 4 _aالملكية الفكرية -- حقوق النشر
_950732
999 _aA22365
_c25933
_d25933